000 00430nam a22001817a 4500
003 OSt
005 20220107122828.0
008 170630b xxu||||| |||| 00| 0 eng d
040 _cIIITMK
082 _a210 AMB/B
100 _aAmbedkar, Dr B R
_912094
245 _aBuddha and his dhamma
260 _aNagpur,
_bBuddha Bhoomi,
_c2016.
300 _a599p
650 _aBUDDHA
_912095
650 _aDHAMMA
_912096
942 _2ddc
_cBK
999 _c5681
_d5681